Környezeti krízis és a demokratikus állam
Elmentve itt :
| Szerző: | |
|---|---|
| Adatforrás: | Philobibl |
| Forrásdokumentuma: | Liget 13 2000. 7., 6-19. p. |
| Dokumentumtípus: | Cikk |
| Nyelv: | magyar |
| LEADER | 00289nab a2200097 c 4500 | ||
|---|---|---|---|
| 001 | bibDOK00019518 | ||
| 005 | 20200924121342.6 | ||
| 008 | 060518s2000 xx hun | ||
| 100 | 1 | |a Jávor Benedek | |
| 245 | 1 | 0 | |a Környezeti krízis és a demokratikus állam |c Jávor Benedek |
| 773 | 0 | |t Liget 13 |g 2000. 7., 6-19. p. | |